The allure of Nezahualcoyotl (Record no. 125825)
[ view plain ]
| 000 -LEADER | |
|---|---|
| fixed length control field | 01650nam a2200373 a 4500 |
| 082 04 - DEWEY DECIMAL CLASSIFICATION NUMBER | |
| Classification number | 972/.018 |
| 100 1# - MAIN ENTRY--AUTHOR NAME | |
| Personal name | Lee, Jongsoo, |
| 245 14 - TITLE STATEMENT | |
| Title | The allure of Nezahualcoyotl |
| 260 ## - PUBLICATION, DISTRIBUTION, ETC. (IMPRINT) | |
| Place of publication | Albuquerque : |
| Name of publisher | University of New Mexico Press, |
| Year of publication | 2008. |
| 300 ## - PHYSICAL DESCRIPTION | |
| Number of Pages | xii, 282 p. : |
| Other physical details | ill., maps. |
| 505 0# - FORMATTED CONTENTS NOTE | |
| Formatted contents note | pt. 1. The sources -- pt. 2. Revising pre-Hispanic history -- pt. 3. Revising the study of Nahua poetics -- pt. 4. Revising the study of Nahua religion. |
| 650 #0 - SUBJECT ADDED ENTRY--TOPICAL TERM | |
| Topical Term | Aztecs |
| Topical Term | Nahuatl poetry |
| 856 40 - ELECTRONIC LOCATION AND ACCESS | |
| Uniform Resource Identifier | http://site.ebrary.com/lib/rucke/Doc?id=10492201 |
No items available.
